| 000 | 00953nam a22002177a 4500 | ||
|---|---|---|---|
| 003 | 0 | ||
| 005 | 20250219162532.0 | ||
| 008 | 250219b xxu||||| |||| 00| 0 eng d | ||
| 050 |
_aHG 4026 _b.B35 2023 |
||
| 100 | _aBajado, Patty D. | ||
| 245 |
_aAn evaluation of the effectiveness of cash management practices on selected micro and small enterprises in Las Pinas City _cPatty D. Bajado |
||
| 260 |
_aLas Pinas City _bSouthville International School and Colleges _cc2023 |
||
| 300 |
_aix, 79 pages ; _c28cm. |
||
| 500 | _aBachelor of Science in Accountancy. | ||
| 504 | _aIncludes bibliographical references and index. | ||
| 650 | _aCash management—Effectiveness—Philippines—Las Piñas City. | ||
| 650 | _aSmall business—Finance—Philippines—Las Piñas City. | ||
| 650 | _aMicroenterprises—Management—Philippines—Las Piñas City. | ||
| 650 | _aSmall business—Management—Philippines—Las Piñas City. | ||
| 942 |
_2lcc _cTH |
||
| 999 |
_c367253 _d367253 |
||